00354pab a2200133 454500008004000000100002100040245007700061260000900138300001500147362000800162650001500170700001600185773001900201180718b2014 xxu||||| |||| 00| 0 eng d aNooruddin, Irfan aAre developing countries really defying the embedded liberalism compact? c2014 ap.603-640. aOct aLiberalism aRudra, Nita aWorld Politics